LEADER 00524naa a2200145 i 4500 001 000000299686 003 CaOOAMICUS 005 20180831172649.0 008 180831n xx u000 u und u 013 $a7335 040 $aSeMil$bita 100 1 $aCorsi, Santi.$0(OLS)http://semarc/name/5394 245 10$aPer un cristocentrismo gnoseologico. 773 0 $tRisveglio della ragione.$dRoma : Città Nuova, 2000.$kContributi di teologia$z88-311-3259-8$w()73710 996 $6245$aPer un cristocentrismo gnoseologico$9(OLS)http://semarc/title/375712 LEADER 01113nam a2200229 i 4500 001 000000185275 003 CaOOAMICUS 005 20100201000000.0 008 100201s1966 it u000 u fre u 013 $a163272 040 $aSeMil$bita 245 10$aMorale humaine, morale chrétienne :$bsemaine des intellectuels catholiques (2-8 mars 1966) /$cCentre Catholique des Intellectuels Français. 260 $a[Bruges] :$bDesclée de Brouwer,$ccopyr. 1966. 300 $a245 p. ;$c20 cm. 490 0 $aRecherches et debats ;$v55 650 4$aIntellettuali cattolici - Sec. 20.$0(OLS)http://semarc/subject/14469 710 0 $aCentre Catholique des Intellectuels Français.$0(OLS)http://semarc/name/5510 830 0$aRecherches et débats ;$v55.$0(OLS)http://semarc/title/15096 850 $aSeMil 852 $aSeMil$W1$xVenegono$y1$m3F II 112$j135966$B135966$CSeMilBibl$Z2$F147527 $81 996 $6245$aMorale humaine, morale chrétienne :$bsemaine des intellectuels catholiques (2-8 mars 1966)$9(OLS)http://semarc/title/266199 996 $6260$a[Bruges] :$bDesclée de Brouwer$9(OLS)http://semarc/publisher/40270